header

Come away from the water, Shirley (Record no. 263787)

MARC details
000 -LEADER
fixed length control field 00228nam a22000977a 4500
020 ## - INTERNATIONAL STANDARD BOOK NUMBER
ISBN 0690013604
100 ## - MAIN ENTRY--AUTHOR NAME
Personal name John Burningham
245 ## - TITLE STATEMENT
Title Come away from the water, Shirley
260 ## - PUBLICATION, DISTRIBUTION, ETC. (IMPRINT)
Place of publication New York
Name of publisher Crowell
Year of publication 1977
942 ## - ADDED ENTRY ELEMENTS (KOHA)
Koha item type Long Loan Books
Holdings
Withdrawn status Lost status Collection code Home library Current library Shelving location Date acquired Accession Number Koha item type
    Fiction Rongo University Library Rongo University Library Children's Area 10/06/2024 CL2021698 Long Loan Books

© 2026 Rongo University
Contact us: librarian | system librarian | Rongo university